| 000 | 01395nam a2200361 i 4500 | ||
|---|---|---|---|
| 001 | 193722 | ||
| 003 | ES-MaACL | ||
| 005 | 20240209063132.0 | ||
| 007 | ta | ||
| 008 | 240207s1912||||fr a freb 000 0 fre d | ||
| 035 | _a(OCoLC)492720709 | ||
| 035 | _aFRBNF312679270000007 | ||
| 035 | _aCG015807830201P | ||
| 035 | _a097674729 | ||
| 040 |
_aABES _bfre _eAFNOR _cES-MaACL |
||
| 100 |
_aRudhardt, Paul _9235094 _eaut |
||
| 245 | 1 | 4 |
_aLes isolants / _cpar Paul Rudhardt,.... |
| 264 | 1 |
_aParis : _bLibrairie des Sciences et de l'Industrie : _bL. Geisler, imprimeur-éditeur, _c1912. |
|
| 300 |
_a153 páginas ; _bIlustraciones, figuras ; _c25 cm. |
||
| 336 |
_btxt _2rdacontent _atexto |
||
| 337 |
_bn _2rdamedia _asin mediación |
||
| 337 |
_bn _2isbdmedia _asin mediación |
||
| 338 |
_bnga _2RDAfrCarrier _avolumen |
||
| 490 | 1 |
_aEncyclopédie électrotechnique ; _v23e Fascicule |
|
| 562 | _aOuvrage relié avec 3 autres documents de la collection Encyclopédie électrotechnique | ||
| 650 |
_aAisladores eléctricos _9235095 |
||
| 830 |
_9235039 _aEncyclopédie électrotechnique _v23 |
||
| 852 |
_aES-MaACL _bR.M.8242 _cSVI _jD-8696 _9201256 _fSello en tinta en portada: "Ateneo de Madrid. Biblioteca" |
||
| 886 | 2 |
_2unimarc _a181 _ai# _bxxxe## |
|
| 942 |
_n0 _cMONOGRAFIA |
||
| 999 |
_c193722 _d193722 |
||